000 00409nmm a2200157Ia 4500
008 251105s9999||||xx |||||||||||||||||und||
041 _aspa
100 _aDennison, Lyn
245 0 _aLa salvaje
264 _a[Madrid, España] :
_bEditorial Egales,
_c2014
300 _a224 páginas
490 _aNarrativa
650 _aRomance
856 _uhttps://public.digitaliapublishing.com/a/163253
942 _cCF
999 _c99997
_d99997